Fantastic art
Αποθηκεύτηκε σε:
| Κύριος συγγραφέας: | |
|---|---|
| Άλλοι συγγραφείς: | |
| Μορφή: | Βιβλίο |
| Γλώσσα: | English German |
| Δημοσίευση: |
Köln :
Taschen,
c2005.
|
| Σειρά: | Basic art series
|
| Θέματα: | |
| Ετικέτες: |
Προσθήκη ετικέτας
Δεν υπάρχουν, Καταχωρήστε ετικέτα πρώτοι!
|
MARC
| LEADER | 00000cam a2200000 i 4500 | ||
|---|---|---|---|
| 001 | 1/83600 | ||
| 008 | 080423s2005 gw | ||| |||| ||eng|| | ||
| 020 | |a 9783822829547 | ||
| 035 | |l 10096969 | ||
| 040 | |a GR-MyUa |b gre |e AACR2 | ||
| 041 | 1 | |a eng |h ger | |
| 082 | 7 | |a 709.04063 |2 (22) | |
| 100 | 1 | |a Schurian, Walter. | |
| 245 | 1 | 0 | |a Fantastic art / |c Walter Schurian ; Uta Grosenick (ed.). |
| 260 | |a Köln : |b Taschen, |c c2005. | ||
| 300 | |a 95 σ. : |b έγχρ. εικ. ; |c 23 εκ. | ||
| 490 | 1 | |a (Basic art series) | |
| 650 | 0 | |a Surrealism. | |
| 650 | 0 | |a Fantastic, The, in art. | |
| 700 | 1 | |a Grosenick, Uta, |e edt | |
| 830 | 0 | |a Basic art series | |
| 852 | |a INST |b SYROS |e 20080423 |h 709.04063 SCH |p 005500006061 |q 005500006061 |t BK |y 0 | ||
| 901 | |a BIBL5-2008-1 | ||
| 922 | |a 5ΕΛΗ |b 200801 |c ΕΠΕΑΕΚ2/ΤΜΣΠΣ |d Ελευθερουδάκης | ||
| 970 | |a Κοντού |b Παρασκευή |z 23/04/2008 | ||